000 00709nam a2200205Ii 4500
003 JO-AjNU
008 230605s9999||||xx |||||||||||||| ||und||
040 _aJO-AjNU
_bara
_erda
_cJO-AjNU
041 _aara
050 1 4 _aTK152.Y3422 1987
100 3 _aتاليف امميريكن/م مشارك نعيم عبد ,
_eauthor
_915725
245 0 0 _aالوقاية من اخطار الكهرباء الخارجية والمنزلية
250 _aط1
264 3 1 _aبيروت:دار قتيبة للنشر، 1987
300 _a86ص
336 _atext
_btxt
_2rdacontent
337 _aunmediated
_bn
_2rdamedia
338 _avolume
_bnc
_2rdacarrier
650 4 _aاخطار الكهرباء-الوقاية
_915726
999 _aA4508
_c8076
_d8076